Les 20 villes les plus peuplées de la Gironde (33) - Statistiques

Statistiques générales
  • Ce quiz a été pris 143 fois
  • Le résultat moyen est 12 sur 20
Statistiques - réponses
HINT HINT ANSWER % Correct
265 328 B Bordeaux
100%
77 136 M Mérignac
96%
66 874 P Pessac
95%
45 869 T Talence
85%
24 668 L Libourne
83%
30 968 B Bègles
72%
26 186 G Gradignan
65%
42 185 V Villenave-d'Ornon
65%
24 654 L Lormont
56%
20 382 B Bruges
54%
27 141 L La Teste-de-Buch
53%
26 784 C Cenon
52%
24 436 E Eysines
51%
32 749 S Saint-Médard-en-Jalles
49%
17 939 F Floirac
46%
24 262 L Le Bouscat
46%
16 786 B Blanquefort
36%
22 643 G Gujan-Mestras
36%
16 757 C Cestas
31%
17 298 A Ambarès-et-Lagrave
20%
Aucun quiz correspondant
Distribution des résultats
% des personnes avec chaque résultat
Percentile par nombre de réponses
Votre historique - résultats
Vous n’avez pas pris ce quiz